| 000 | 00665cam a2200181ua 4500 | ||
|---|---|---|---|
| 020 |
_a81 84046 90 5 _c400.00 |
||
| 041 |
_aeng _h |
||
| 082 |
_a028.72624 _bAWA/CO |
||
| 110 | 1 |
_aWater resources technical publication . _b _c() |
|
| 245 | _aConcrete manual | ||
| 250 |
_a8 / _b. |
||
| 260 |
_aJodhpur : _bScientific Publishers , _c1990. |
||
| 300 | _a627 ; . | ||
| 365 | _a400.00 | ||
| 504 | _a | ||
| 942 | _cBK | ||
| 999 |
_c5933 _d5933 |
||